LEADER 00907nam0-22003011i-450- 001 990003153170403321 035 $a000315317 035 $aFED01000315317 035 $a(Aleph)000315317FED01 035 $a000315317 100 $a20000920d1977----km-y0itay50------ba 101 0 $aita 102 $aIT 200 1 $aPer la questione del valore reale del denaro nell'antichità$fI.K.Rodbertus Jagetzow. 210 $as.l.$cArnaldo Forni$d1977. 215 $aP. 359-474$d20 cm 300 $aestratto da: Biblioteca di Storia Economica diretta da Vilfredo Pareto] 676 $aE/1 676 $aJ/0.1 702 1$aRodbertus Jagetzow,$bJohann Carl 801 0$aIT$bUNINA$gRICA$2UNIMARC 901 $aBK 912 $a990003153170403321 952 $aE/1 ROD$b6822$fSES 959 $aSES 996 $aPer la questione del valore reale del denaro nell'antichità$9458144 997 $aUNINA DB $aING01 LEADER 01049nam0-2200325 --450 001 9910629994403321 005 20221207105441.0 010 $a88-7890-181-4 100 $a20221207d1995----kmuy0itay5050 ba 101 0 $aita 102 $aIT 105 $a 001yy 200 1 $a<>anni del Governatorato (1926-1944)$einterventi urbanistici, scoperte archeologiche, arredo urbano, restauri$fa cura di Luisa Cardilli 210 $aRoma$cKappa$dc1995 215 $a223 p.$cill.$d30 cm.$eerr. corr 225 1 $aQuaderni dei monumenti 300 $aCon appendici documentarie 300 $aBibliografia: p. 215-223 312 $aTit. del dorso. 517 1 $a<>anni del governatorato 610 0 $aArcheologia$aRoma$a1926-1944 676 $a711.40945632$v20 702 1$aCardilli Alloisi,$bLuisa 801 0$aIT$bUNINA$gREICAT$2UNIMARC 901 $aBK 912 $a9910629994403321 952 $aFONDO ROSSI 1780$bROSSI 1826$fFARBC 959 $aFARBC 996 $aAnni del Governatorato (1926-1944)$91426757 997 $aUNINA